Artificial intelligence : (Record no. 179610)
[ view plain ]
| 000 -LEADER | |
|---|---|
| fixed length control field | 00991 a2200217 4500 |
| 003 - CONTROL NUMBER IDENTIFIER | |
| control field | Nust |
| 005 - DATE AND TIME OF LATEST TRANSACTION | |
| control field | 20230608144643.0 |
| 010 ## - LIBRARY OF CONGRESS CONTROL NUMBER | |
| LC control number | 2003269366 |
| 040 ## - CATALOGING SOURCE | |
| Transcribing agency | Nust |
| 082 00 - DEWEY DECIMAL CLASSIFICATION NUMBER | |
| Classification number | 006.3,RUS |
| 100 1# - MAIN ENTRY--PERSONAL NAME | |
| Personal name | Russell, Stuart J. |
| 9 (RLIN) | 84030 |
| 245 10 - TITLE STATEMENT | |
| Title | Artificial intelligence : |
| Remainder of title | a modern approach / |
| Statement of responsibility, etc. | Stuart J. Russell and Peter Norvig ; contributing writers, John F. Canny ... [et al.]. |
| 250 ## - EDITION STATEMENT | |
| Edition statement | 2nd ed. |
| 260 ## - PUBLICATION, DISTRIBUTION, ETC. | |
| Place of publication, distribution, etc. | Upper Saddle River, N.J. : |
| Name of publisher, distributor, etc. | Prentice Hall/Pearson Education, |
| Date of publication, distribution, etc. | c2003. |
| 300 ## - PHYSICAL DESCRIPTION | |
| Extent | xxviii, 1080 p. : |
| Other physical details | ill. ; |
| Dimensions | 27 cm. |
| 440 #0 - SERIES STATEMENT/ADDED ENTRY--TITLE | |
| Title | Prentice Hall series in artificial intelligence |
| 9 (RLIN) | 97242 |
| 505 ## - FORMATTED CONTENTS NOTE | |
| Formatted contents note | Artificial Intelligence (Page-1), Problem-Solving (Page-57), Knowledge and Reasoning (Page-192), Planning (Page-373), Uncertain Knowledge and Reasoning (Page-460), Learning (Page-647), Communicating, Perceiving and Acting (Page-788), Conclusions (Page-945). |
| 650 #0 - SUBJECT ADDED ENTRY--TOPICAL TERM | |
| Topical term or geographic name entry element | Artificial intelligence. |
| 700 1# - ADDED ENTRY--PERSONAL NAME | |
| Personal name | Norvig, Peter. |
| 9 (RLIN) | 55386 |
| 942 ## - ADDED ENTRY ELEMENTS (KOHA) | |
| Source of classification or shelving scheme | |
| Koha item type | Book |
| Call number prefix | 006.3,RUS |
| Withdrawn status | Lost status | Source of classification or shelving scheme | Damaged status | Not for loan | Permanent Location | Current Location | Shelving location | Date acquired | Total Checkouts | Full call number | Barcode | Date last seen | Date last checked out | Price effective from | Koha item type | Public note |
|---|---|---|---|---|---|---|---|---|---|---|---|---|---|---|---|---|
| Military College of Signals (MCS) | Military College of Signals (MCS) | General Stacks | 12/12/2016 | 1 | 006.3,RUS | MCS28810 | 09/08/2025 | 08/12/2025 | 12/12/2016 | Book | Almirah No.81, Shelf No.4 | |||||
| Military College of Signals (MCS) | Military College of Signals (MCS) | General Stacks | 12/12/2016 | 006.3,RUS | MCS3134 | 12/08/2016 | 12/12/2016 | Book | Almirah No.7, Shelf No.2 | |||||||
| Military College of Signals (MCS) | Military College of Signals (MCS) | General Stacks | 12/12/2016 | 006.3,RUS | MCS37029 | 12/08/2016 | 12/12/2016 | Book | Almirah No.7, Shelf No.2 | |||||||
| Military College of Signals (MCS) | Military College of Signals (MCS) | General Stacks | 06/08/2023 | 2 | 006.3,RUS | MCS28938 | 11/03/2025 | 10/01/2025 | 06/08/2023 | Book | Almirah No.109, Shelf No.3 |
